| 000 | 00541nam a2200229Ia 4500 | ||
|---|---|---|---|
| 003 | 0100 | ||
| 008 | 130303s9999 xx 000 0 und d | ||
| 020 | _a395178401 | ||
| 040 | _cARRUPELIB | ||
| 050 | _aJA71.D451974 | ||
| 100 | _aDeutsch, Karl Wolfgang | ||
| 245 | _aPolitics and government | ||
| 245 | _bhow people decide their fate | ||
| 250 | _a2nd | ||
| 260 | _aBoston | ||
| 260 | _bHoughton Mifflin | ||
| 260 | _C1974 | ||
| 300 | _axxviii | ||
| 300 | _b 607 p.ill. 25 cm | ||
| 700 | _aKarl Wolfgang Deutsch | ||
| 942 | 0 | 0 | _05 |
| 999 |
_c13988 _d13988 |
||